Μαθηματικά Γ' τάξης λυκείου : τεχνολογικής κατεύθυνσης

Αποθηκεύτηκε σε:
Λεπτομέρειες βιβλιογραφικής εγγραφής
Συγγραφή απο Οργανισμό/Αρχή: Υπουργείο Εθνικής Παιδείας και Θρησκευμάτων Παιδαγωγικό Ινστιτούτο
Άλλοι συγγραφείς: Δαλιεράκη, Ελισάβετ
Μορφή: Βιβλίο
Γλώσσα:Greek
Δημοσίευση: Αθήνα : Οργνισμός Εκδόσεως Διδακτικών Βιβλίων, 1999.
Θέματα:
Ετικέτες: Προσθήκη ετικέτας
Δεν υπάρχουν, Καταχωρήστε ετικέτα πρώτοι!

MARC

LEADER 00000cam a2200000 i 4500
001 1/101795
008 000214s1999 gr | ||| |||| ||gre||
020 |a 960060696X 
035 |l 10057828 
040 |a GR-MyUA  |b gre  |e AACR2 
041 0 |a gre 
082 0 |a 515.07 
245 1 0 |a Μαθηματικά Γ' τάξης λυκείου :   |b τεχνολογικής κατεύθυνσης /   |c Ελισάβετ Δαλιεράκη ... [κ α.].  
260 |a Αθήνα :   |b Οργνισμός Εκδόσεως Διδακτικών Βιβλίων,   |c 1999.  
300 |a 353 σ. ;   |c 24 εκ.  
500 |a Περιέχει υποδείξεις και απαντήσεις ασκήσεων.  
650 0 0 |a Mathematical analysis  |x Study and teaching (Secondary)  |z Greece. 
650 0 0 |a Mathematics  |x Study and teaching (Secondary)  |z Greece. 
700 1 |a Δαλιεράκη, Ελισάβετ. 
710 2 |a Υπουργείο Εθνικής Παιδείας και Θρησκευμάτων  |b Παιδαγωγικό Ινστιτούτο. 
852 |a INST  |b SAMOS  |e 20000214  |h 515.07 ΜΑΘ  |p 005300015664  |q 005300015664  |t BK  |y 23 
852 |a INST  |b SAMOS  |e 20000214  |h 515.07 ΜΑΘ  |p 005300015665  |q 005300015665  |t BK  |y 0 
852 |a INST  |b SAMOS  |e 20000214  |h 515.07 ΜΑΘ  |p 005300015666  |q 005300015666  |t BK  |y 0 
901 |a BIBL3-2000-1 
909 |a Σ  |b 057986 
909 |a Σ  |b 057985 
909 |a Σ  |b 057987 
920 |a ΛΥΚΕΙΟ ΚΑΡΛΟΒΑΣΟΥ  |y Σάμος  |z 2000-02 
970 |a ΠΟΥΡΝΑΡΑΣ  |b ΔΗΜΗΤΡΗΣ  |z 2000/02/14